| 000 | 03353nab a2200613 4500 | ||
|---|---|---|---|
| 003 | AR-RoUNA | ||
| 040 | _aAR-RoUNA | ||
| 245 | 1 | 0 | _aShopping centers y locales comerciales |
| 300 |
_bfot. byn. _bplantas _c30x23 cm. |
||
| 505 | 0 | _tINDICE | |
| 505 | 0 | _aJulio Cacciatore arq. / Presentación. p. 9 | |
| 505 | 0 | _tDISEÑO DEL ESPACIO PARA ACTIVIDADES COMERCIALES | |
| 505 | 0 | _aIroshi Ibezawa / El crecimiento de los shopping centers. p. 11 | |
| 505 | 0 | _aEdward Suski / Impresiones acerca del shopping center norteamericano. p. 12 | |
| 505 | 0 | _tUNICENTER SHOPPING | |
| 505 | 0 | _aShopping Unicenter. Hipermercado Jumbo. p. 15 | |
| 505 | 0 | _aFuddruckers, Shopping Unicenter. p. 21 | |
| 505 | 0 | _aEstudio Arenales / Vava, Shopping Unicenter. p. 24 | |
| 505 | 0 | _aEstudio Aja Espil-Cobelo / Arique Diseños, Shopping Unicenter. p. 27 | |
| 505 | 0 | _tSPINETTO SHOPPING CENTER | |
| 505 | 0 | _aAlfredo E. Iglesias. Gerencia de Construcciones del Hogar Obrero / Centro Integral de Consumo Spinetto. p. 31 | |
| 505 | 0 | _tARQUITECTURA COMERCIAL HISTORICA | |
| 505 | 0 | _tJosé Jumilla arq. /Arquitectura de las grandes tiendas en Rosario 1900/1950. p. 38 | |
| 505 | 0 | _aTienda La Favorita, Calle Córdoba y Sarmiento, Rosario, Santa Fe, Argentina. p. 39 | |
| 505 | 0 | _aEstudio Conder, Farmer y Follet / Gath & Chaves, (Hoy La Buena Vista). p. 40 | |
| 505 | 0 | _aJosé Gerbino y Manuel Ocampo / Los Gobelinos, Calle Córdoba y San Martín, Rosario, Santa Fe, 1939. p. 41 | |
| 505 | 0 | _aCasa Tía, Calle Córdoba, Rosario, Santa Fe, 1950. p. 43 | |
| 505 | 0 | _tARQUITECTURA COMERCIAL EN MENDOZA | |
| 505 | 0 | _aSilvia Cirvini arq. / Arquitectura comercial en Mendoza. p. 44 | |
| 505 | 0 | _aAndrés y Basilio Petrazzi arqs. / El Pasaje Sotomayor. p. 44 | |
| 505 | 0 | _aEl Pasaje San Martín, Mendoza, Argentina. p. 46. | |
| 505 | 0 | _tINTRODUCCION AL ESTUDIO DE LAS GRANDES TIENDAS EN BUENOS AIRES 1880-1930 | |
| 505 | 0 | _aHirsch; Patti y Eduardo Forte / Introducción al estudio de las Grandes Tiendas en Buenos Aires 1880-1930. p. 48 | |
| 505 | 0 | _aFleury Tronquoy / Casa Central Gath & Chaves, calle Florida y Cangallo, Buenos Aires, Aagentina. p. 50 | |
| 505 | 0 | _aPublicidad gráfica de grandes tiendas de Buenos Aires, 1910. p. 54 | |
| 505 | 0 | _tLOCALES COMERCIALES EN BUENOS AIRES | |
| 505 | 0 | _aRaúl Lier, Alberto Tonconnogy arqs. / Show-room Argenblue - Wrangler Buenos Aires. p. 57 | |
| 505 | 0 | _aLidia J. Villagrán arq. / Bianca Lancia, Buenos Aires. p. 61 | |
| 505 | 0 | _aJaime Grinberg; Adriana Dwek y Gustavo Sartorio arqs. / Movie, Buenos Aires. p. 64 | |
| 505 | 0 | _aVíctor Carozza, Antonio ossani y Alberto Murais arqs. / Joyería Homero, Patio Bullrich. . 67 | |
| 505 | 0 | _aEduardo Falcón & Asociados / Heladería Freddo, Patio Bullrich. p. 70 | |
| 505 | 0 | _aVicente Basile y Marcelo Halac arqs. / Galería Pasaje El Lazo, Buenos Aires. p. 77 | |
| 505 | 0 | _aAmette, Cassina y Pérez Segura arqs. / New Deal, Buenos Aires. p. 81 | |
| 650 | 4 |
_aCentros comerciales _91750 |
|
| 650 | 4 |
_aShoppings _98200 |
|
| 651 | 0 |
_9193 _aBuenos Aires (Argentina) |
|
| 651 | 0 |
_aRosario (Santa Fe, Argentina) _91246 |
|
| 651 | 0 |
_aMendoza (Argentina) _91138 |
|
| 773 | 0 |
_aSumma-Temática _dBuenos Aires, _gNº29 (feb-1989), p. 89 |
|
| 908 | _aImp | ||
| 942 |
_2udc _cART |
||
| 945 | _d2026-02-20 | ||
| 980 |
_65 _aMaría Machado _8 _gCRON CRON |
||
| 999 |
_c12343 _d12343 |
||